000 02217nam a22003497a 4500
001 102110
003 KnowledgeUnlatched
005 20210303105244.0
006 m o d
007 cr u||||||||||
008 210129p20142019mau o u00| u eng d
037 _5BiblioBoard
245 0 2 _aA Brief History of Islam in Europe
_bThirteen Centuries of Creed, Conflict and Coexistence /
_cMaurits Berger.
020 _a9789087283261
029 1 _ahttps://library.biblioboard.com/ext/api/media/aaaaa7a8-c9e7-49d0-ba5f-e391808c3318/assets/thumbnail.jpg
040 _aScCtBLL
_cScCtBLL
100 1 _aBerger, Maurits
_eauthor.
264 1 _bLeiden University Press,
300 _a1 online resource (356 p.)
506 0 _aAccess copy available to the general public.
_fUnrestricted
_2star
520 _aThis book presents an overall presentation and discussion of developments ever since Islam appeared on the European stage thirteen centuries ago. The events and stories presented increase the understanding of present debates on, and notions of, Islam and Muslims in Europe. This book shows that in the course of thirteen centuries the Muslim as well as Islam have undergone many metamorphoses. The Muslim has entered the European stage as a conqueror, antichrist, scholar, benign ruler, corsair, tradesman and fellow citizen. The image of Islam has meandered accordingly, as a religion that was feared as an enemy or embraced as a partner against heretical Christians, despised as an abomination or admired as a civilization, and studied for missionary, academic, colonial or security purpose.
588 0 _aDescription based on print version record.
590 _aKU Select 2018: HSS Backlist Books
650 7 _aHistory / Europe
_2bisacsh
650 0 _aHistory
655 0 _aElectronic books.
758 _iIs found in:
_aKnowledge Unlatched
_1https://openresearchlibrary.org/module/2774bc74-146a-484f-a7ba-ab1d6a09bbfb
856 4 0 _uhttps://openresearchlibrary.org/content/aaaaa7a8-c9e7-49d0-ba5f-e391808c3318
_zView this content on Open Research Library.
_70
999 _c33991
_d33991